| 000 | 01036 a2200253 4500 | ||
|---|---|---|---|
| 001 | 242 | ||
| 020 | _a9788508076468 (broch.) | ||
| 040 | _dBR-BrIDEA | ||
| 041 | _apor | ||
| 082 | _a[Fic] | ||
| 100 | _aVeríssimo, Luis Fernando Luis | ||
| 250 | _a11. ed. - | ||
| 490 | _aPara gostar de ler Júnior | ||
| 520 | _aDepois da guerra de brigadeiro, o Chico vem pedir mais doce e o pai da aniversariante diz para ele dar uma lambida na cabeça do Paulinho. O bolo também já era, pois a Cândida sentou em cima, depois de ter praticado hipismo com o cachorro, que fugiu da casa desesperado, com uma jarra caríssima amarrada ao rabo... | ||
| 697 | _aLiteratura infanto-juvenil | ||
| 697 | _aConto brasileiro. | ||
| 856 | _u000006/00000689.jpg | ||
| 090 |
_aYear 8 [Fic] _bVER _c11.ed. |
||
| 245 | 1 | 0 |
_aFesta de criança _bantologia _cLuís Fernando Veríssimo ; ilustrações Caulos. |
| 260 |
_aSão Paulo, SP _bÁtica _c2006 |
||
| 300 |
_a133, [1] p. _bil. _c24 cm. |
||
| 830 |
_aPara gostar de ler Junior _v2 |
||
| 942 | _cBK | ||
| 999 |
_c242 _d242 |
||